The lion, the witch and the wardrobe; (Record no. 1289)

MARC details
000 -LEADER
fixed length control field 01065cam a22002651 4500
005 - DATE AND TIME OF LATEST TRANSACTION
control field 20230822153323.0
040 ## - CATALOGING SOURCE
Original cataloging agency DLC
Language of cataloging eng
Transcribing agency WMM
Modifying agency WMM
-- Uk
-- DLC
050 00 - LIBRARY OF CONGRESS CALL NUMBER
Classification number PZ8.L48
Item number Li
082 ## - DEWEY DECIMAL CLASSIFICATION NUMBER
Classification number Fic
100 1# - MAIN ENTRY--PERSONAL NAME
Personal name Lewis, C. S.
Fuller form of name (Clive Staples),
Dates associated with a name 1898-1963.
245 14 - TITLE STATEMENT
Title The lion, the witch and the wardrobe;
Statement of responsibility, etc. Illustrated by Pauline Baynes
250 ## - EDITION STATEMENT
Edition statement First Scholastic printing, January 1995
260 ## - PUBLICATION, DISTRIBUTION, ETC.
Place of publication, distribution, etc. London,
Name of publisher, distributor, etc. Scholastic,
Date of publication, distribution, etc. 1950
300 ## - PHYSICAL DESCRIPTION
Extent 189 pages :
Other physical details Illustrations, maps ;
Dimensions 20 cm.
490 ## - SERIES STATEMENT
Series statement The Chronicles of Narnia
Volume/sequential designation Book 2
500 ## - GENERAL NOTE
General note Sequel: Prince Caspian, the return to Narnia.
505 ## - FORMATTED CONTENTS NOTE
Formatted contents note Z1
520 ## - SUMMARY, ETC.
Summary, etc. Four English schoolchildren find their way through the back of a wardrobe into the magic land of Narnia and assist Aslan, the golden lion, to triumph over the White Witch, who has cursed the land with eternal winter.
521 ## - TARGET AUDIENCE NOTE
Target audience note 940 <br/>
Source Lexile <br/>
521 ## - TARGET AUDIENCE NOTE
Target audience note Z1 <br/>
Source Raz-Plus <br/>
906 ## - LOCAL DATA ELEMENT F, LDF (RLIN)
a 7
b cbc
c oclcrpl
d u
e ncip
f 19
g y-gencatlg
942 ## - ADDED ENTRY ELEMENTS (KOHA)
Source of classification or shelving scheme Dewey Decimal Classification
Koha item type Books
Suppress in OPAC No
999 ## -
-- 1289
-- 1289
Holdings
Withdrawn status Lost status Source of classification or shelving scheme Damaged status Not for loan Collection Home library Current library Shelving location Date acquired Total Checkouts Full call number Barcode Date last seen Date last checked out Price effective from Koha item type
    Dewey Decimal Classification     Juvenile Fiction Footprints International School Library Network Toul Kork Campus Footprints International School Library Network Toul Kork Campus TTP Secondary Fiction Bookshelves 08/11/2023 1 LEW Fic PZ7.L58474 FIS00722 02/28/2024 01/10/2024 08/11/2023 Books